Indovina la città italiana dall'immagine - 1 - Statistics

Statistiche generali
  • Questo quiz è stato fatto 134 volte
  • Il punteggio medio è 9 su 12
Statistiche sulle risposte
con Immagini Risposta % Corretto
Pisa
100%
Firenze
98%
Milano
95%
Roma
95%
Venezia
86%
Caserta
81%
Catania
81%
Bologna
65%
Bolzano
62%
Ostuni
33%
Salerno
28%
La Spezia
25%
Nessun quiz corrispondente trovato
Distribuzione punteggi
Percentuale di utenti per punteggio
Percentile per numero di risposta
I tuoi punteggi nel tempo
Non hai fatto questo quiz